000
00310nam a22001337a 4500
999
_c
12612
_d
12612
008
241223b 1987 ||||| |||| 00| 0 eng d
020
_a
0113405901
082
_a
363.37092
_b
HMS
100
_a
HMSO
245
_a
Manual of firemanship
260
_a
London
_b
HMSO
_c
1987
300
_a
xvi, 193p.
942
_c
BK